000 00490nam a2200133 4500
999 _c9260
_d9260
008 180426b ||||| |||| 00| 0 eng d
082 _aDPer 050 Dec 2015-Mar 2016 T48 v186-187
100 _941436
_aTonto, Lorenzo.
245 _aThe 'iron prosecutor' hunting the godfather of Sicily/
_cLorenzo Tonto.
260 _aNew York:
_bTime Inc.,
_c©Dec 2015-Mar 2016.
300 _av187 n9, page 40:
_billustrations;
_c27 cm.
650 0 _927597
_aExecutions and executioners.
942 _2ddc
_cPER